02757njm a2200481Ia 450000100060000000300090000600500170001500800410003204000130007304000130008604100130009910000110011210000180012310000380014124500250017925000110020426000110021526000480022630000100027430000290028450001630031350504170047651100210089351100150091451100220092951100180095151100180096951100180098751100230100565000570102870000830108570001080116870001110127670001230138770000890151070000950159970001020169470000890179670000960188570001180198170000950209970000810219420752IT-RoPAU20220918181119.0131025s9999 xx 000 0 und d aIT-RoPAU cIT-RoPAU aITALIANO aAA.VV. eAutore musica gCodice autore musica SPICS: 12000 aSignorinella (disco) a2a ed. aMILANO bFRATELLI FABBRI EDITORIc1982 [1a Ed.:1970] aDISCO c24 minuti (Testo: pag.) aCanzone italiana. Neve, ricordi, addio, bimba, amore come il sole, matrimonio, papà aspetta la figlia, luna, ricordo del paese lontano, amore, infelicità. aSignorinella [(Bovio/Valente-A.Togliani) (3:00)] - Capinera [(Bracchi/D'Anzi-G.Baldi) (4:00)] - Non dimenticar le mie parole [(Emilio Livi-Trio Lescano) (4:00)] - Fili d'oro [(Capurro/Buongiovanni-Villa) (3:00)] - Torna, piccina [(Bixio-Villa) (4:00)] - Madonna bruna [(Mendes/Mascheroni-D.Serra) (3:00)] - Cantando all'italiana [(Rossi/Morbelli-O.Carboni) (3:00)] - Cara piccina [(Bovio/Lama-F.Albanese) (3:00)] aTogliani Achille aBaldi Gino aTrio Lescano (Il) aVilla Claudio aSerra Daniele aCarboni Oscar aAlbanese Francesco aCANZONE ITALIAN [DISCHI]eCodice MATERIA SPICS: 9950 aValente NicoladCodice autore musica SPICS: 13463eAutore musicapSignorinella aBovio LiberodCodice autore testo/musica SPICS: 13462eAutore testo/musicapSignorinella - Cara piccina aD'Anzi GiovannidCodice autore musica SPICS: 13458eAutore musicapCapinera - Non dimenticar le mie parole aBracchi AlfredodCodice autore testo/musica SPICS: 13448eAutore testo/musicapCapinera - Non dimenticar le mie parole aBuongiovanni FrancescodCodice autore musica SPICS: 13465eAutore musicapFili d'oro aCapurro GiovannidCodice autore testo/musica SPICS: 13137eAutore testo/musicapFili d'oro aBixio Cesare AndreadCodice autore testo/musica SPICS: 13441eAutore testo/musicapTorna, piccina aMascheroni VittoriodCodice autore musica SPICS: 13134eAutore musicapMadonna bruna aMendes PeppinodCodice autore testo/musica SPICS: 13135eAutore testo/musicapMadonna bruna aRossi Carlo Alberto (Cicero)dCodice autore testo/musica SPICS: 13130eAutore testo/musicapCantando all'italiana aMorbelli RiccardodCodice autore musica SPICS: 13446eAutore musicapCantando all'italiana aLama GaetanodCodice autore musica SPICS: 13468eAutore musicapCara piccina